|
|
|
|
| LEADER |
00000nam0a2200000 4500 |
| 001 |
121611 |
| 005 |
20231031125444.0 |
| 020 |
|
|
|a RU
|b 85-85284
|
| 035 |
|
|
|a (RuTPU)RU\TPU\book\131702
|
| 090 |
|
|
|a 121611
|
| 100 |
|
|
|a 20070918d1985 m y0rusy5003 ca
|
| 101 |
0 |
|
|a rus
|
| 102 |
|
|
|a RU
|
| 105 |
|
|
|a a j 001zy
|
| 200 |
1 |
|
|a Автоматическое регулирование и регуляторы в промышленности строительных материалов
|e учебник для техникумов
|f И. Б. Гинзбург
|
| 205 |
|
|
|a 3-е изд., перераб. и доп.
|
| 210 |
|
|
|a Ленинград
|c Стройиздат
|c Ленингр. отд-ние
|d 1985
|
| 215 |
|
|
|a 255 с.
|c ил.
|d 22 см
|
| 610 |
1 |
|
|a строительные материалы
|
| 610 |
1 |
|
|a автоматическое регулирование
|
| 610 |
1 |
|
|a системы автоматического регулирования
|
| 610 |
1 |
|
|a линейные системы
|
| 610 |
1 |
|
|a автоматические регуляторы
|
| 610 |
1 |
|
|a устойчивость
|
| 610 |
1 |
|
|a качество
|
| 610 |
1 |
|
|a типы
|
| 610 |
1 |
|
|a электронные регуляторы
|
| 610 |
1 |
|
|a пневматические регуляторы
|
| 610 |
1 |
|
|a гидравлические регуляторы
|
| 610 |
1 |
|
|a преобразователи
|
| 610 |
1 |
|
|a исполнительные устройства
|
| 610 |
1 |
|
|a вычислительные системы
|
| 610 |
1 |
|
|a применение
|
| 610 |
1 |
|
|a учебники
|
| 675 |
|
|
|a 691.002.5-52(075.3)
|z rus
|v 3
|
| 700 |
|
1 |
|a Гинзбург
|b И. Б.
|g Изольд Борисович
|4 070
|
| 801 |
|
0 |
|a RU
|b RuMRKP
|c 19950704
|g psbo
|
| 801 |
|
1 |
|a RU
|b 63413507
|c 20070918
|g PSBO
|
| 801 |
|
2 |
|a RU
|b 63413507
|c 20080923
|g PSBO
|
| 942 |
|
|
|c BK
|